Statistics for Most expensive football transfers - Defenders

Click here to take the quiz!

General Stats

  • This quiz has been taken 36 times
  • The average score is 9 of 10

Answer Stats

Fee (M €)SeasonNationalityLeftJoinedPlayer% Correct
90,002023-2024CroatiaRB LeipzigManchester CityJosko Gvardiol
100%
84,652017-2018NetherlandsSouthamptonLiverpoolVirgil van Dijk
97%
87,002019-2020EnglandLeicesterManchester UnitedHarry Maguire
94%
85,502019-2020NetherlandsAjaxJuventusMatthijs de Ligt
94%
67,002022-2023NetherlandsJuventusBayern MunichMatthijs de Ligt
94%
68,002021-2022MoroccoInterParis SGAchraf Hakimi
85%
71,602020-2021PortugalBenficaManchester CityRúben Dias
82%
65,302022-2023SpainBrightonChelseaMarc Cucurella
74%
80,002019-2020FranceAtlético MadridBayern MunichLucas Hernández
71%
80,402022-2023FranceLeicesterChelseaWesley Fofana
65%

Score Distribution

Percentile by Number Answered

Percent of People with Each Score

Your Score History

You have not taken this quiz